[Event "TCh-RUS"]
[Site "Togliatti RUS"]
[Date "2003.05.18"]
[Round "3"]
[White "Cherniaev,A2"]
[Black "Belozerov,A"]
[Result "1/2-1/2"]
[WhiteElo "2228"]
[BlackElo "2533"]
[EventDate "2003.05.16"]

1. d4 Nf6 2. c4 e6 3. Nc3 Bb4 4. e3 b6 5. Nge2 c5 6. a3 Ba5 7. Bd2 Ba6 8.
Ng3 cxd4 9. exd4 Bxc3 10. Bxc3 d5 11. Qa4+ Qd7 12. Qxd7+ Nbxd7 13. cxd5
Bxf1 14. dxe6 Bxg2 15. Rg1 Bd5 16. exd7+ Kxd7 17. O-O-O Rhe8 18. Nf5 g6 19.
Ne3 Rac8 20. Rde1 Bb7 21. f3 Re6 22. Ng4 Nd5 23. Ne5+ Ke7 24. Kd2 f6 25.
Ng4 Rxe1 26. Rxe1+ Kf7 27. Nh6+ Kg7 28. Ng4 h5 29. Nf2 Kf7 30. Ne4 Rd8 31.
h4 Ne7 32. Kc1 Bd5 33. Kd2 Nf5 34. Rh1 Bxe4 35. fxe4 Nxd4 36. Bxd4 Rxd4+
37. Ke3 Rd7 38. Rc1 Ke6 39. Rc8 Rd1 40. Re8+ Kf7 41. Ra8 Rd7 42. Kf4 a5 43.
Rb8 Rd6 44. Rb7+ Ke6 45. b4 axb4 46. axb4 g5+ 47. Ke3 gxh4 48. Rh7 Rd1 49.
Rxh5 Rb1 50. Rxh4 Rxb4 51. Rh8 Rc4 52. Rb8 Rc6 53. Kf4 Kd6 54. Kf5 Kc5 55.
Rf8 Kd4 56. Rd8+ Ke3 57. Rb8 Rd6 58. Rb7 Kd4 59. Rb8 Kd3 60. Rb7 Ke3 61.
Rb8 Kd4 62. Rb7 Rc6 63. Rd7+ Kc5 64. Rf7 b5 65. Rxf6 b4 66. Rf8 b3 67. Rh8
b2 68. Rh1 Kd4 69. Rd1+ Kc3 70. e5 Kc2 71. Rh1 Kb3 72. Rb1 1/2-1/2

[Event "TCh-RUS"]
[Site "Togliatti RUS"]
[Date "2003.05.18"]
[Round "3"]
[White "Grischuk,A"]
[Black "Iskusnyh,S"]
[Result "1-0"]
[WhiteElo "2701"]
[BlackElo "2505"]
[EventDate "2003.05.16"]

1. e4 c5 2. Nf3 Nc6 3. d4 cxd4 4. Nxd4 Nf6 5. Nc3 d6 6. Bg5 e6 7. Qd2 a6 8.
O-O-O Bd7 9. f3 Be7 10. Kb1 Qc7 11. Be3 Nxd4 12. Qxd4 b5 13. Qd2 b4 14. Ne2
a5 15. g4 h6 16. h4 a4 17. Qxb4 Rb8 18. Qc3 Qb7 19. Bc1 e5 20. Ng3 g6 21.
Bc4 Rc8 22. Qd3 Qc7 23. Ba6 Rb8 24. g5 hxg5 25. hxg5 Nh5 26. Bc4 Be6 27.
Bd5 Rc8 28. Nxh5 gxh5 29. g6 h4 30. Rdg1 Qd7 31. f4 Bxd5 32. exd5 f5 33.
fxe5 dxe5 34. Bg5 e4 35. Qd4 Rg8 36. Bxh4 Rc5 37. c4 Bd6 38. Bg3 a3 39. Rh8
1-0

[Event "TCh-RUS"]
[Site "Togliatti RUS"]
[Date "2003.05.18"]
[Round "3"]
[White "Sherbakov,V"]
[Black "Vaganian,R"]
[Result "0-1"]
[WhiteElo "2446"]
[BlackElo "2653"]
[EventDate "2003.05.16"]

1. d4 e6 2. Nf3 Nf6 3. Bg5 Be7 4. Nbd2 d5 5. e3 Nbd7 6. Bd3 c5 7. c3 b6 8.
Bb5 Qc7 9. Ne5 O-O 10. f4 h6 11. Bxd7 Bxd7 12. Bxf6 Bxf6 13. Nxd7 Qxd7 14.
O-O cxd4 15. exd4 b5 16. Nb3 a5 17. Nc5 Qc6 18. a3 b4 19. cxb4 axb4 20. a4
Be7 21. Nd3 Rfc8 22. Ne5 Qc2 23. Qxc2 Rxc2 24. Rf2 b3 25. Kf1 Rac8 26. Rxc2
Rxc2 27. Rb1 Bd8 28. Nd3 Rd2 29. Nc5 Rxd4 30. Ra1 Rxf4+ 31. Ke2 Bb6 32.
Nxb3 Rf2+ 33. Kd1 Rxb2 0-1

[Event "TCh-RUS"]
[Site "Togliatti RUS"]
[Date "2003.05.18"]
[Round "3"]
[White "Sveshnikov,E"]
[Black "Smikovski,I"]
[Result "1/2-1/2"]
[WhiteElo "2551"]
[BlackElo "2489"]
[EventDate "2003.05.16"]

1. e4 e5 2. Nf3 Nc6 3. Bc4 Nf6 4. d4 exd4 5. e5 Ne4 6. O-O d5 7. exd6 Nxd6
8. Bd5 Nf5 9. Re1+ Be7 10. Bxc6+ bxc6 11. g4 Nh6 12. Bg5 Be6 13. Bxe7 Qxe7
14. Qxd4 Nxg4 15. Nc3 Nh6 16. Ne5 O-O 17. Nxc6 Qg5+ 18. Kh1 Qh5 19. Qf4 Ng4
20. f3 Nf2+ 21. Kg2 Nh3 22. Qg3 Qh6 23. Rad1 Rae8 24. Re4 Ng5 25. Re5 Bh3+
26. Kh1 Rxe5 27. Nxe5 Ne6 28. Nd5 Re8 29. b4 Bf5 30. c4 Bc2 31. Rg1 Bg6 32.
Rd1 Bc2 33. Ng4 Qg6 34. Rd2 Bf5 35. Ne5 Qh6 36. Rd1 Bc2 1/2-1/2

[Event "TCh-RUS"]
[Site "Togliatti RUS"]
[Date "2003.05.18"]
[Round "3"]
[White "Nevostrujev,V"]
[Black "Tseshkovsky,V"]
[Result "1-0"]
[WhiteElo "2528"]
[BlackElo "2564"]
[EventDate "2003.05.16"]

1. e4 d6 2. d4 g6 3. Bc4 Nf6 4. Qe2 c6 5. e5 Nd5 6. Nf3 Bg7 7. O-O O-O 8.
Nbd2 Bf5 9. Nh4 Be6 10. f4 Qb6 11. Kh1 dxe5 12. dxe5 Qe3 13. Nb3 Qxe2 14.
Bxe2 f6 15. f5 Bxf5 16. Rxf5 gxf5 17. e6 Rd8 18. Nxf5 a5 19. a4 Na6 20. Ra3
Ndc7 21. c4 Nb4 22. Nc5 Bf8 23. Bf4 Nba6 24. Nxb7 Nxe6 25. Nxd8 Rxd8 26.
Nh6+ Bxh6 27. Bxh6 Nac5 28. Kg1 Rb8 29. Rg3+ Kh8 30. Re3 f5 31. Bf3 Rxb2
32. Bxc6 Rb1+ 33. Kf2 Rb2+ 34. Kf1 Rb1+ 35. Kf2 Rb2+ 36. Ke1 Rb1+ 37. Kd2
Rb2+ 38. Kd1 Rb1+ 39. Kc2 Rb6 40. Bd5 Nd4+ 41. Kc3 Rxh6 42. Kxd4 Nxa4 43.
Rxe7 Rxh2 44. Ke5 Nb6 45. Kf6 1-0

[Event "TCh-RUS"]
[Site "Togliatti RUS"]
[Date "2003.05.18"]
[Round "3"]
[White "Shariyazdanov,A"]
[Black "Lubashov,A"]
[Result "1-0"]
[WhiteElo "2589"]
[BlackElo "2414"]
[EventDate "2003.05.16"]

1. Nf3 d6 2. d4 Bg4 3. c4 Nd7 4. Qb3 Rb8 5. g3 c5 6. Be3 Ngf6 7. Bg2 a6 8.
O-O e6 9. dxc5 Nxc5 10. Qd1 Be7 11. h3 Bh5 12. b4 Ncd7 13. Bf4 e5 14. Be3
O-O 15. Qb3 Qc7 16. g4 Bg6 17. Nc3 h6 18. Rac1 Rfc8 19. Rfd1 Bf8 20. Nd2
Nb6 21. c5 dxc5 22. bxc5 Nbd7 23. Na4 Rd8 24. Qc4 e4 25. Nxe4 Bxe4 26. Bxe4
Ne5 27. Qc2 Nxe4 28. Qxe4 Ng6 29. Rxd8 Rxd8 30. Nb6 Kh8 31. a4 Qb8 32. Nc4
Qc7 33. Nd2 b6 34. c6 Bc5 35. Nf3 Rd6 36. a5 Bxe3 37. Qxe3 bxa5 38. Nd4 Rf6
39. Qg3 Rd6 40. e3 Ne7 41. Kg2 a4 42. Nf5 Nxf5 43. gxf5 f6 44. Qxd6 Qxd6
45. c7 1-0

[Event "TCh-RUS"]
[Site "Togliatti RUS"]
[Date "2003.05.18"]
[Round "3"]
[White "Bogachkov,I"]
[Black "Rashkovsky,N"]
[Result "1/2-1/2"]
[WhiteElo "2324"]
[BlackElo "2514"]
[EventDate "2003.05.16"]

1. e4 c6 2. d4 g6 3. c4 Bg7 4. Nc3 d6 5. Be2 a6 6. Nf3 Nf6 7. O-O O-O 8. h3
b5 9. e5 Ne8 10. Bf4 Nd7 11. Rc1 bxc4 12. Bxc4 Nb6 13. Bb3 a5 14. Re1 Bb7
15. Ng5 Nd5 16. Nxd5 cxd5 17. e6 f5 18. Nf7 Qb6 19. Nh6+ Kh8 20. Nf7+ Kg8
1/2-1/2

[Event "TCh-RUS"]
[Site "Togliatti RUS"]
[Date "2003.05.18"]
[Round "3"]
[White "Galliamova,A"]
[Black "Lugovoi,A"]
[Result "1/2-1/2"]
[WhiteElo "2489"]
[BlackElo "2563"]
[EventDate "2003.05.16"]

1. e4 c5 2. Nf3 d6 3. d4 cxd4 4. Nxd4 Nf6 5. Nc3 Nc6 6. Bg5 e6 7. Qd2 Be7
8. O-O-O O-O 9. f4 Nxd4 10. Qxd4 Qa5 11. Bc4 Bd7 12. e5 dxe5 13. fxe5 Bc6
14. Bd2 Nd7 15. Nd5 Qd8 16. Nxe7+ Qxe7 17. Rhe1 Rfd8 18. Qg4 Nf8 19. Bd3
Rd5 20. Bb4 Qd8 21. Qg3 Ng6 22. c4 Rd7 23. Bd6 Qh4 24. Rd2 Qxg3 25. hxg3 f5
26. b4 b6 27. c5 bxc5 28. Bc4 Kf7 29. bxc5 Ne7 30. g4 f4 31. Rf1 g5 32. g3
Ng6 33. Rh2 Rh8 34. gxf4 Nxf4 35. Rh6 Kg7 36. Rf6 Rf7 37. Bxe6 Rxf6 38.
exf6+ Kxf6 39. Bb3 h5 40. gxh5 Rxh5 41. Bxf4 gxf4 42. Rxf4+ Ke5 43. Rg4 Kf6
44. Rc4 Ke7 45. Kb2 Bd5 46. Rc3 Kd7 47. Bc2 Bc6 48. Kb3 a5 49. Bd1 Rd5 50.
Be2 Re5 51. Bf1 Kc7 52. Kb2 Rf5 53. Bd3 Bd5 54. Ka3 1/2-1/2

[Event "TCh-RUS"]
[Site "Togliatti RUS"]
[Date "2003.05.19"]
[Round "4"]
[White "Sveshnikov,E"]
[Black "Beletsky,A"]
[Result "1-0"]
[WhiteElo "2551"]
[BlackElo "2439"]
[EventDate "2003.05.16"]

1. e4 Nf6 2. e5 Nd5 3. c4 Nb6 4. c5 Nd5 5. Nc3 e6 6. d4 b6 7. Nxd5 exd5 8.
Be3 bxc5 9. dxc5 c6 10. Qa4 a5 11. Nf3 Ba6 12. Rc1 Bxf1 13. Kxf1 Na6 14. g3
Rb8 15. Qc2 Rb5 16. Kg2 Bxc5 17. a4 Bxe3 18. axb5 Nb4 19. Qf5 Bxc1 20. Rxc1
g6 21. Qh3 O-O 22. Qh6 f6 23. e6 dxe6 24. Nd4 Qd6 25. bxc6 Rc8 26. h4 e5
27. Nb5 Qb8 28. h5 Rxc6 29. hxg6 Qb7 30. Nd6 Qg7 31. gxh7+ Qxh7 32. Qxf6
Rxc1 33. Qd8+ Kg7 34. Qe7+ Kg6 35. Qe6+ Kh5 36. Qxe5+ Kg6 37. Qf5+ Kh6 38.
Qf6+ Kh5 39. Nf5 Nd3 40. Ng7+ 1-0

[Event "TCh-RUS"]
[Site "Togliatti RUS"]
[Date "2003.05.19"]
[Round "4"]
[White "Odinokov,N"]
[Black "Ulibin,M"]
[Result "0-1"]
[WhiteElo "2349"]
[BlackElo "2562"]
[EventDate "2003.05.16"]

1. e4 e6 2. Qe2 c5 3. g3 Nc6 4. Nf3 g6 5. Bg2 Bg7 6. O-O Nge7 7. e5 d6 8.
exd6 Qxd6 9. d3 O-O 10. Nbd2 Qc7 11. c3 e5 12. a4 Bf5 13. Ne4 Na5 14. b4
Nb3 15. Rb1 Nxc1 16. Rfxc1 cxb4 17. cxb4 Qd8 18. Nfd2 b6 19. Nc4 Rc8 20. a5
bxa5 21. bxa5 Qd4 22. Rb7 Nc6 23. Rd1 Rfd8 24. Ne3 Nxa5 25. Rb5 Qa4 26. Rd5
Bxe4 27. dxe4 Nc6 28. Bh3 Nd4 29. Qg4 Rb8 30. Kg2 Qa2 31. Qh4 Rf8 32. Rd7
h5 33. Nd5 Qe2 34. Bg4 Qxg4 35. Qxg4 hxg4 36. Ne7+ Kh7 37. h3 gxh3+ 38.
Kxh3 Bf6 39. Nd5 Kg7 40. Rxa7 Rh8+ 0-1

[Event "TCh-RUS"]
[Site "Togliatti RUS"]
[Date "2003.05.19"]
[Round "4"]
[White "Iskusnyh,S"]
[Black "Shomoev,A"]
[Result "1/2-1/2"]
[WhiteElo "2505"]
[BlackElo "2558"]
[EventDate "2003.05.16"]

1. Nf3 Nf6 2. c4 c5 3. g3 d5 4. d4 dxc4 5. Qa4+ Bd7 6. Qxc4 Bc6 7. dxc5 Bd5
8. Qa4+ Bc6 9. Qc4 Bd5 10. Qc2 e6 11. Nc3 Bc6 12. Bg2 Bxc5 13. O-O Nbd7 14.
Bf4 O-O 15. Rad1 Qe7 16. Ng5 Bxg2 17. Kxg2 Rfc8 18. Qd3 h6 19. Nge4 e5 20.
Be3 Nxe4 21. Nxe4 Bxe3 22. Qxe3 Nb6 23. Qd3 Qe6 24. b3 f5 25. Nc3 Rc5 26.
e4 Qc6 27. Nd5 fxe4 28. Ne7+ Kf7 29. Nxc6 exd3 30. Nb4 e4 31. f3 e3 32.
Rxd3 a5 33. Rd6 axb4 34. Rxb6 Rxa2+ 35. Kh3 Rh5+ 36. Kg4 Rd5 37. Rxb7+ Kf6
38. Rb6+ Ke5 39. Rxb4 Rd4+ 40. f4+ Ke4 41. Rxd4+ Kxd4 42. Kf3 Kd3 43. h4
Kd2 44. Rh1 e2 45. Kf2 Ra8 46. Rb1 Re8 47. Rb2+ Kd1 48. Rb1+ Kc2 49. Ra1
Kd2 50. Ra2+ Kd1 51. Ra1+ Kd2 52. Ra2+ Kd1 53. Ra1+ Kd2 1/2-1/2

[Event "TCh-RUS"]
[Site "Togliatti RUS"]
[Date "2003.05.19"]
[Round "4"]
[White "Abashev,D"]
[Black "Sherbakov,V"]
[Result "0-1"]
[WhiteElo "2437"]
[BlackElo "2446"]
[EventDate "2003.05.16"]

1. e4 c5 2. Nf3 Nc6 3. Bb5 g6 4. Bxc6 bxc6 5. O-O Bg7 6. Re1 Nf6 7. e5 Nd5
8. c4 Nc7 9. d4 cxd4 10. Qxd4 d5 11. Qh4 h6 12. cxd5 cxd5 13. Nc3 e6 14.
Qh3 Bd7 15. Be3 Kf8 16. Rad1 Kg8 17. Rd4 Nb5 18. Nxb5 Bxb5 19. Rh4 Qf8 20.
b4 Bd3 21. Bc5 Qe8 22. Nd4 Be4 23. Bd6 Qa4 24. Qb3 Qxb3 25. Nxb3 Rc8 26.
Nc5 Bf5 27. Rd4 g5 28. Re3 a5 29. g4 Bg6 30. bxa5 Kh7 31. a6 Rc6 32. Ra4
Bc2 33. Rb4 Ra8 34. Rd4 Rb6 0-1

[Event "TCh-RUS"]
[Site "Togliatti RUS"]
[Date "2003.05.19"]
[Round "4"]
[White "Smikovski,I"]
[Black "Kolotilin,Y"]
[Result "1-0"]
[WhiteElo "2489"]
[BlackElo "2332"]
[EventDate "2003.05.16"]

1. e4 c5 2. Nf3 Nc6 3. d4 cxd4 4. Nxd4 e5 5. Nb5 d6 6. N1c3 a6 7. Na3 b5 8.
Nd5 Nce7 9. c4 Nxd5 10. exd5 bxc4 11. Nxc4 Nf6 12. Be3 Rb8 13. Rc1 Be7 14.
Nb6 O-O 15. Nxc8 Rxc8 16. Bc4 Rb8 17. Qe2 a5 18. O-O Qd7 19. b3 Bd8 20. h3
Bb6 21. Bb5 Qa7 22. Bxb6 Qxb6 23. Bc6 g6 24. Rc4 Rfc8 25. Qe3 Qd8 26. Qd2
Nd7 27. Bxd7 Qxd7 28. Rxc8+ Rxc8 29. Qxa5 Rc2 30. a4 Kg7 31. Qb6 Rc5 32.
Rd1 e4 33. Qb4 f5 34. Qd4+ Kg8 35. b4 Rc2 36. b5 Rc5 37. b6 Qb7 38. Rb1 h5
39. Qf6 1-0

[Event "TCh-RUS"]
[Site "Togliatti RUS"]
[Date "2003.05.19"]
[Round "4"]
[White "Lubashov,A"]
[Black "Cherniaev,A2"]
[Result "0-1"]
[WhiteElo "2414"]
[BlackElo "2228"]
[EventDate "2003.05.16"]

1. e4 c5 2. Nf3 Nc6 3. Bb5 Nf6 4. e5 Nd5 5. O-O Nc7 6. a4 d5 7. exd6 Qxd6
8. Bc4 Bf5 9. Nc3 e6 10. Nh4 Bg6 11. d3 Be7 12. Nxg6 hxg6 13. g3 Qd7 14.
Re1 O-O-O 15. Ne4 e5 16. Be3 Qh3 17. Bxf7 Qxh2+ 18. Kf1 Qh3+ 19. Ke2 Qg4+
20. f3 Rh2+ 21. Nf2 Nd4+ 22. Bxd4 Qxd4 23. Rf1 e4 24. f4 e3 25. Bxg6 exf2
26. c3 Qd7 27. Be4 Qg4+ 28. Bf3 Qxg3 29. Qb3 b6 30. Qc4 Bd6 31. Be4 Bxf4
32. Kd1 Qg4+ 33. Kc2 Qe6 34. Bb7+ Kxb7 35. Qxf4 Qd6 36. Qf3+ Qc6 37. Qf5 c4
38. dxc4 Qxc4 39. Rxf2 Rxf2+ 40. Qxf2 Nd5 41. Qf3 Kc6 42. a5 b5 43. Rg1 b4
44. Kb1 bxc3 45. Rg6+ Kc5 46. Rxg7 a6 47. Rb7 Nb4 0-1

[Event "TCh-RUS"]
[Site "Togliatti RUS"]
[Date "2003.05.19"]
[Round "4"]
[White "Sivokho,S"]
[Black "Landa,K"]
[Result "1/2-1/2"]
[WhiteElo "2494"]
[BlackElo "2643"]
[EventDate "2003.05.16"]

1. e4 c5 2. c3 Nf6 3. e5 Nd5 4. d4 cxd4 5. Nf3 Nc6 6. Bc4 Nb6 7. Bb3 d5 8.
exd6 Qxd6 9. O-O Be6 10. Na3 dxc3 11. Qe2 Bxb3 12. Nb5 Qb8 13. axb3 e6 14.
g3 e5 15. Nfd4 Bc5 16. Nf5 O-O 17. bxc3 Qc8 18. Qf3 a6 19. Nbd6 Bxd6 20.
Nxd6 Qc7 21. Nf5 f6 22. h4 Rfd8 23. Qg4 Kh8 24. h5 Qf7 25. Ba3 Nd5 26. h6
gxh6 27. Qf3 e4 28. Qxe4 Nxc3 29. Qc2 Nb5 30. Bb2 Nbd4 31. Nxd4 Nxd4 32.
Bxd4 Rxd4 33. Rfd1 Rad8 34. Rxd4 Rxd4 35. Qf5 Rd5 36. Qf4 Kg7 37. Rc1 h5
38. b4 Re5 39. Qf3 Qd7 40. Rc4 Kg6 41. Rf4 Rf5 42. Rxf5 Qxf5 43. Qxb7 h4
44. Qxa6 Qb1+ 45. Qf1 Qxb4 46. Qd3+ Kg7 47. Qd7+ Kh6 48. Qf5 Qd4 49. g4 Qe5
50. g5+ Kh5 51. Qxf6 Qxg5+ 52. Qxg5+ Kxg5 1/2-1/2

[Event "TCh-RUS"]
[Site "Togliatti RUS"]
[Date "2003.05.19"]
[Round "4"]
[White "Kobalia,M"]
[Black "Vitiugov,N"]
[Result "1-0"]
[WhiteElo "2639"]
[BlackElo "2447"]
[EventDate "2003.05.16"]

1. e4 c5 2. Nf3 e6 3. d4 cxd4 4. Nxd4 Nf6 5. Nc3 d6 6. g4 Nc6 7. g5 Nd7 8.
h4 Be7 9. Be3 O-O 10. Qh5 a6 11. O-O-O Nxd4 12. Bxd4 b5 13. f4 b4 14. Ne2
Qa5 15. Kb1 e5 16. Be3 Nc5 17. Bxc5 Qxc5 18. f5 Bb7 19. Ng3 Rfc8 20. Bd3
Rc7 21. f6 g6 22. Qf3 Bf8 23. h5 Bc8 24. Nf1 Be6 25. Ne3 a5 26. Nd5 Rb7 27.
b3 Qc8 28. hxg6 fxg6 29. Bc4 Raa7 30. Rdf1 Rf7 31. Nb6 Qe8 32. Bxe6 Qxe6
33. Nd5 Ra6 34. c3 bxc3 35. Qxc3 Ra8 36. Qc4 Kh8 37. Rc1 Rb8 38. Qe2 Rfb7
39. Rc4 h6 40. gxh6 Rc8 41. Rg1 Kh7 42. Rxc8 Qxc8 43. Qg2 1-0

[Event "TCh-RUS"]
[Site "Togliatti RUS"]
[Date "2003.05.19"]
[Round "4"]
[White "Lanin,A"]
[Black "Pigusov,E"]
[Result "0-1"]
[WhiteElo "2259"]
[BlackElo "2588"]
[EventDate "2003.05.16"]

1. e4 c5 2. Nf3 d6 3. d4 cxd4 4. Nxd4 Nf6 5. Nc3 a6 6. Be3 e5 7. Nb3 Be6 8.
f3 Be7 9. Qd2 O-O 10. O-O-O Qc7 11. Qf2 Nbd7 12. Kb1 b5 13. g4 Rfb8 14. g5
Nh5 15. f4 exf4 16. Bd4 Bxg5 17. Rg1 Be7 18. Be2 Nhf6 19. Qxf4 Ne5 20. Rdf1
Rc8 21. Qg3 g6 22. Nc5 b4 23. Nd5 Nxd5 24. exd5 Bxd5 25. h4 Bf8 26. Bd1 Bg7
27. Nb3 a5 28. h5 a4 29. Nd2 b3 30. c3 Nc4 31. Bxg7 Nxd2+ 32. Kc1 a3 33.
bxa3 Rxa3 34. Bxb3 Bxb3 0-1

[Event "TCh-RUS"]
[Site "Togliatti RUS"]
[Date "2003.05.19"]
[Round "4"]
[White "Skatchkov,P"]
[Black "Volkov,S"]
[Result "1/2-1/2"]
[WhiteElo "2475"]
[BlackElo "2634"]
[EventDate "2003.05.16"]

1. d4 d5 2. c4 c6 3. Nf3 Nf6 4. Qc2 dxc4 5. Qxc4 Bf5 6. g3 e6 7. Bg2 Be7 8.
O-O Nbd7 9. Nc3 O-O 10. e3 Ne4 11. Nd2 Nxd2 12. Bxd2 e5 13. e4 Nb6 14. Qb3
Bg6 15. d5 Bc5 16. Rad1 Qe7 17. Na4 Nxa4 18. Qxa4 Rfd8 19. Qb3 cxd5 20.
exd5 Rd6 21. Qc4 Rd7 22. Bc3 1/2-1/2

[Event "TCh-RUS"]
[Site "Togliatti RUS"]
[Date "2003.05.19"]
[Round "4"]
[White "Lugovoi,A"]
[Black "Alavkin,A"]
[Result "1/2-1/2"]
[WhiteElo "2563"]
[BlackElo "2482"]
[EventDate "2003.05.16"]

1. c4 e6 2. d4 d5 3. Nc3 Nf6 4. Bg5 Be7 5. Nf3 O-O 6. e3 h6 7. Bh4 Ne4 8.
Bxe7 Qxe7 9. cxd5 Nxc3 10. bxc3 exd5 11. Qb3 Rd8 12. c4 Be6 13. Qxb7 Qa3
14. Nd2 dxc4 15. Be2 Bd5 16. Qb1 c5 17. O-O cxd4 18. Nxc4 Qe7 19. Re1 Nc6
20. Bf1 d3 21. Qxd3 Bxg2 22. Qa3 Qxa3 23. Nxa3 Bxf1 24. Kxf1 Rd5 25. Rec1
Ne5 26. Nc4 Nf3 27. Kg2 Nh4+ 28. Kg3 g5 29. Rd1 Rad8 30. Rxd5 Rxd5 31. Rb1
Rf5 32. f4 Rc5 33. Ne5 Rc3 34. Rb3 Nf5+ 35. Kf2 Nxe3 36. Rb8+ Kg7 37. Rb7
gxf4 38. Rxf7+ Kg8 39. Rxf4 Nd5 40. Rd4 Nf6 41. Ra4 Rc2+ 42. Kg3 Rc5 43.
Kf4 a5 44. Ra3 Kh7 45. h3 Nh5+ 46. Kf5 Ng7+ 47. Ke4 Ne6 48. h4 Rb5 49. Rc3
Rb2 50. Kd5 Nf4+ 51. Ke4 Ne6 52. a3 Re2+ 53. Kd5 Nf4+ 54. Kd6 h5 55. Rc5
Ng6 56. Nd7 Kh6 57. Nf6 a4 58. Rxh5+ Kg7 59. Nd5 Rd2 60. Rg5 Kh6 61. Kc5
Nxh4 62. Rg4 Ng6 63. Rxa4 Ne5 64. Re4 Rc2+ 65. Kb5 Nd3 66. Rd4 Ne5 67. a4
Kg5 68. Nb4 Rc8 69. a5 Rb8+ 70. Ka4 Ra8 71. a6 Nc6 72. Rd6 Nb8 73. Rd8 Kf5
74. Kb3 Ke6 75. Kc4 Rxa6 76. Nxa6 Nxa6 77. Kb5 Ke7 78. Rd1 Nc7+ 79. Kc6 Ne8
80. Re1+ Kf7 81. Kd5 Nf6+ 82. Ke5 Ne8 1/2-1/2

[Event "TCh-RUS"]
[Site "Togliatti RUS"]
[Date "2003.05.19"]
[Round "4"]
[White "Kalugin,S"]
[Black "Burmakin,V"]
[Result "1/2-1/2"]
[WhiteElo "2454"]
[BlackElo "2569"]
[EventDate "2003.05.16"]

1. e4 c6 2. d4 d5 3. e5 Bf5 4. Nf3 e6 5. a3 Nd7 6. Nbd2 Bg6 7. Be2 Nh6 8.
O-O Nf5 9. Re1 Be7 10. c3 O-O 11. Nf1 c5 12. g4 Nh4 13. Nxh4 Bxh4 14. Ng3
cxd4 15. Qxd4 Qc7 16. Bf1 Nc5 17. Qd1 Ne4 18. Nxe4 Bxe4 19. Re3 Be7 20. f3
Bg6 21. Re1 Qb6+ 22. Kg2 Rfd8 23. Bd3 Rac8 24. Re2 d4 25. c4 Qc6 26. b3 b5
27. Rc2 Bxd3 28. Qxd3 bxc4 29. bxc4 Rb8 30. Bd2 Bc5 31. Raa2 Qc7 32. Bg5
Rd7 33. Bf4 Qb6 34. Bc1 Qb1 35. Qd2 Rdb7 36. Rcb2 Rxb2 37. Rxb2 Rxb2 38.
Qxb2 Qxb2+ 39. Bxb2 d3 40. Kf1 Be3 41. Ke1 Kf8 42. Kd1 Bf4 43. h3 Ke7 44.
Bc1 Bxe5 45. Be3 a6 1/2-1/2

[Event "TCh-RUS"]
[Site "Togliatti RUS"]
[Date "2003.05.19"]
[Round "4"]
[White "Olenin,N"]
[Black "Bachin,V"]
[Result "0-1"]
[WhiteElo "2406"]
[BlackElo "2443"]
[EventDate "2003.05.16"]

1. e4 c6 2. d4 d5 3. e5 Bf5 4. Nf3 e6 5. a3 Ne7 6. Be2 Nd7 7. O-O Bg6 8.
Re1 Nf5 9. Nbd2 Be7 10. h3 O-O 11. Bf1 c5 12. dxc5 Bxc5 13. Nb3 Bb6 14. c3
Qc7 15. a4 a6 16. Nbd4 Nxd4 17. Nxd4 Rfe8 18. h4 Nxe5 19. h5 Be4 20. Bf4 f6
21. f3 Nxf3+ 22. Qxf3 e5 23. Qg4 exf4 24. Kh1 f5 25. Qh4 Bxd4 26. cxd4 f3
27. Rec1 Qb6 28. Qf2 Qh6 0-1

[Event "TCh-RUS"]
[Site "Togliatti RUS"]
[Date "2003.05.19"]
[Round "4"]
[White "Vekshenkov,N"]
[Black "Platonov,E"]
[Result "0-1"]
[WhiteElo "2417"]
[BlackElo "2392"]
[EventDate "2003.05.16"]

1. c4 Nf6 2. g3 e5 3. Bg2 Nc6 4. Nc3 Bb4 5. Nd5 Bc5 6. e3 d6 7. Ne2 a5 8.
a3 O-O 9. O-O Bf5 10. d3 Re8 11. Nec3 Nxd5 12. Nxd5 Qd7 13. b3 Rab8 14. Qd2
b5 15. b4 Ba7 16. cxb5 Rxb5 17. Nc3 Rbb8 18. b5 Ne7 19. a4 d5 20. Bb2 d4
21. exd4 Bxd4 22. Ne4 c6 23. Bxd4 Qxd4 24. Qxa5 Ra8 25. Qc3 Rxa4 26. Rxa4
Qxa4 27. Nd6 Rd8 28. Qxe5 Be6 29. Nxf7 Kxf7 30. Re1 Qg4 31. bxc6 Rxd3 32.
c7 Rd1 33. h4 Rxe1+ 34. Qxe1 Qc4 35. Qe5 h6 36. Bf3 Qc1+ 37. Kg2 Qc4 38.
Bh5+ Kg8 39. Bf3 Kf7 40. Bb7 Kf8 41. Qd6 Kf7 42. Bf3 Qb5 43. Be4 Qd7 44.
Qc5 Nc8 45. Kh2 Qd6 46. Qc3 Na7 47. Qf3+ Ke7 48. Qc3 Kf7 49. Qf3+ Kg8 50.
Qc3 Nc8 51. Bf3 Qd7 52. Qc5 Nd6 53. Bg2 Ne8 54. Bd5 Nxc7 55. Bxe6+ Nxe6 56.
Qe5 Qf7 57. Kg1 Qf6 58. Qb8+ Kh7 59. Qb1+ Qg6 60. Qe1 Qf5 61. Qb4 Qd3 62.
Qg4 Nc5 63. Qh5 Nd7 64. Qe8 Nf6 65. Qc8 Qe4 66. Qc5 Ng4 67. Qb6 Ne5 68. Qc5
Kg6 69. Qd6+ Kf5 70. Qd1 g6 71. Qc1 Nf3+ 72. Kf1 Qc4+ 0-1

[Event "TCh-RUS"]
[Site "Togliatti RUS"]
[Date "2003.05.19"]
[Round "4"]
[White "Pimonenko,B"]
[Black "Babiy,A"]
[Result "1/2-1/2"]
[WhiteElo "2356"]
[BlackElo "2471"]
[EventDate "2003.05.16"]

1. Nf3 Nf6 2. c4 g6 3. Nc3 c5 4. d4 cxd4 5. Nxd4 d5 6. e3 dxc4 7. Bxc4 Bg7
8. O-O O-O 9. b3 a6 10. a4 Bd7 11. Ba3 Re8 12. Rc1 Nc6 13. Nxc6 Bxc6 14.
Qe2 Qb6 15. b4 e6 16. Qa2 Rec8 17. Qb3 Bxg2 18. Kxg2 Qc6+ 19. Nd5 exd5 20.
Be2 Qe6 21. Bb2 Ne4 22. Bxg7 Kxg7 23. Qb2+ Qf6 24. Qxf6+ Nxf6 25. Rfd1 Rxc1
26. Rxc1 Rd8 27. a5 Rd7 28. Rc8 Ne4 29. b5 Nd6 30. Rc5 Nxb5 31. Bxb5 axb5
32. Rxb5 Kf6 33. f4 d4 34. exd4 Rxd4 35. f5 gxf5 36. Rxb7 Ra4 37. Rb5 Kg6
38. Rb6+ Kg7 39. a6 f6 40. Rb7+ Kg6 41. a7 Ra3 1/2-1/2

[Event "TCh-RUS"]
[Site "Togliatti RUS"]
[Date "2003.05.19"]
[Round "4"]
[White "Ivanov,Al2"]
[Black "Konstantinov,Vas"]
[Result "1-0"]
[WhiteElo "2419"]
[BlackElo "2254"]
[EventDate "2003.05.16"]

1. c4 e5 2. Nc3 Nc6 3. Nf3 g6 4. d4 exd4 5. Nxd4 Bg7 6. Nxc6 bxc6 7. g3 d6
8. Bg2 Bd7 9. O-O Qc8 10. c5 d5 11. e4 dxe4 12. Nxe4 Ne7 13. Be3 O-O 14.
Bd4 f6 15. Re1 Nd5 16. Qa4 Qb7 17. Nc3 Rad8 18. Qc4 Be8 19. Re7 Bf7 20.
Nxd5 cxd5 21. Qa4 Be8 22. Qa5 Rf7 23. Rae1 Bc6 24. Bh3 Bd7 25. Be6 Bxe6 26.
R1xe6 Rc8 27. c6 Qb8 28. Rxf7 1-0

[Event "TCh-RUS"]
[Site "Togliatti RUS"]
[Date "2003.05.19"]
[Round "4"]
[White "Torbin,K"]
[Black "Najer,E"]
[Result "1/2-1/2"]
[WhiteElo "2427"]
[BlackElo "2606"]
[EventDate "2003.05.16"]

1. d4 d5 2. c4 c6 3. Nf3 Nf6 4. Qc2 dxc4 5. Qxc4 Bf5 6. g3 e6 7. Nc3 Nbd7
8. Bg2 Be7 9. O-O O-O 10. e3 Ne4 11. Ne1 Nxc3 12. bxc3 e5 13. Qe2 Qa5 14.
Bb2 Nb6 15. Nf3 exd4 16. cxd4 Be4 17. Ne5 Bxg2 18. Kxg2 Bf6 19. Nd3 Nc4 20.
Rfc1 Rfe8 21. Kg1 Nxb2 22. Qxb2 Qf5 23. Qb3 g6 24. a4 Rac8 25. Rc5 Qe4 26.
Rac1 Rc7 27. R5c4 h5 28. Nb4 Qf3 29. Qd1 Qxd1+ 30. Rxd1 Be7 31. Nd3 Rd8 32.
Rb1 Rd5 33. e4 Rdd7 34. f3 Bf6 35. e5 Be7 36. Kf2 Kf8 37. h4 Ke8 38. Nf4
Bf8 39. g4 hxg4 40. fxg4 Bg7 41. Rbc1 Kd8 42. Kf3 Re7 43. a5 a6 44. g5 Rcd7
45. Ke4 Bf8 46. Rh1 Re8 47. h5 Be7 48. hxg6 Bxg5 49. g7 f5+ 50. Kxf5 Bxf4
51. Rh8 Rxg7 52. Rxe8+ Kxe8 53. Kxf4 Kd7 54. Rb4 Ke6 55. Rb3 1/2-1/2

[Event "TCh-RUS"]
[Site "Togliatti RUS"]
[Date "2003.05.19"]
[Round "4"]
[White "Dolmatov,S"]
[Black "Isajevsky,A"]
[Result "1/2-1/2"]
[WhiteElo "2606"]
[BlackElo "2385"]
[EventDate "2003.05.16"]

1. e4 c5 2. Nf3 Nc6 3. d4 cxd4 4. Nxd4 Nf6 5. Nc3 e5 6. Ndb5 d6 7. Bg5 a6
8. Na3 b5 9. Bxf6 gxf6 10. Nd5 Bg7 11. Bd3 Ne7 12. Nxe7 Qxe7 13. c3 f5 14.
O-O O-O 15. Nc2 Rb8 16. exf5 e4 17. Re1 Bxf5 18. Nb4 Qb7 19. Bc2 a5 20. Nd5
Rbe8 21. Ne3 Bg6 22. Qxd6 Kh8 23. a4 f5 24. axb5 f4 25. Nf1 Rf6 26. Qc5 e3
27. Bxg6 Rxg6 28. g3 Rc8 29. Qh5 exf2+ 1/2-1/2

[Event "TCh-RUS"]
[Site "Togliatti RUS"]
[Date "2003.05.19"]
[Round "4"]
[White "Askarov,M"]
[Black "Galkin,A"]
[Result "0-1"]
[WhiteElo "2260"]
[BlackElo "2591"]
[EventDate "2003.05.16"]

1. d4 d5 2. Nf3 c6 3. c4 e6 4. Qb3 Nf6 5. g3 dxc4 6. Qxc4 b5 7. Qc2 Bb7 8.
Bg2 Nbd7 9. Nc3 c5 10. O-O Qb6 11. dxc5 Bxc5 12. a3 Rc8 13. Qd3 a6 14. e4
O-O 15. Qe2 e5 16. Bg5 Rfe8 17. Bh3 Rc7 18. Rac1 h6 19. Bd2 Bd4 20. Rfd1
Nc5 21. Nd5 Nxd5 22. exd5 Bxb2 23. Rb1 Na4 24. d6 Qxd6 25. Ba5 Qxa3 26. Rd3
Qa2 27. Rbd1 Ree7 28. Bb4 Qc4 29. Bxe7 Rxe7 30. Rd8+ Kh7 31. Ng5+ Kg6 32.
R1d6+ f6 33. Qxc4 bxc4 34. Ne6 c3 35. Nf8+ Kh5 36. Bf1 Bf3 37. Rc8 Rf7 38.
Rxa6 Rxf8 39. Rc4 Rd8 40. Raxa4 Rd1 41. Ra7 Be2 42. Rcc7 Bxf1 43. h3 c2 0-1